Esperando el tsunami
Uloženo v:
| Hlavní autor: | |
|---|---|
| Médium: | Kniha |
| Jazyk: | španělština |
| Vydáno: |
Viña del Mar
Ediciones Altazor
2013
|
| Témata: | |
| Tagy: |
Přidat tag
Žádné tagy, Buďte první, kdo vytvoří štítek k tomuto záznamu!
|
MARC
| LEADER | 00000cam a2200000 a 4500 | ||
|---|---|---|---|
| 001 | UCF8676 | ||
| 003 | CL-VaPUC | ||
| 008 | 130930e20130000cl |||||||||||||||||spa|d | ||
| 020 | |a 9789569205132 | ||
| 082 | 0 | 4 | |a Ch861 |b GAL |2 21 |
| 100 | |a Galleguillos Carmona, Héctor Flavio |e author |9 570818 | ||
| 245 | 1 | 0 | |a Esperando el tsunami |
| 300 | |a 57 p | ||
| 942 | |c BK | ||
| 945 | |d 20130930 13:19:00 |a dcastane | ||
| 260 | |a Viña del Mar |b Ediciones Altazor |c 2013 | ||
| 650 | 0 | |a Poesías chilenas |9 265280 | |
| 650 | 0 | |a Literatura chilena |9 308278 | |
| 583 | |a last modification |c 20150924 21:40:48 |k Rodrigo Vera | ||
| 999 | |c 353243 |d 353241 | ||
| 952 | |0 0 |1 0 |3 erb |4 0 |6 CH_861_000000000000000_GAL_2013 |7 0 |8 A |9 458332 |a BIBEDU |b BIBEDU |c ES_NOD |d 2019-11-23 |i 5012708 |o Ch861 GAL 2013 |p 5012708 |r 2023-08-09 |w 2019-11-23 |y BK |z Catalogado en:20130930 |k LIT | ||